| 000 | 00485nam a2200157Ia 4500 | ||
|---|---|---|---|
| 008 | 170221s9999 xx 000 0 und d | ||
| 100 | _aMalgorzata Laskowska | ||
| 245 | _aSocial Networking Services in Service of Democracy – Chosen Case Studies | ||
| 245 | _cMalgorzata Laskowska | ||
| 260 | _bOnline Journal of Communication and Media Technologies | ||
| 260 | _c2017 | ||
| 300 | _a16 : | ||
| 650 | _xCommunication | ||
| 650 | _xMedia Arts | ||
| 856 | _uhttp://www.ojcmt.net/ | ||
| 999 |
_c312892 _d312892 |
||